Spectral theory of operator pencils, hermite-biehler functions, and their applications (Record no. 755074)

MARC details
000 -LEADER
fixed length control field 00534nam a22001577a 4500
020 ## - INTERNATIONAL STANDARD BOOK NUMBER
ISBN 9783319375670
100 ## - MAIN ENTRY--AUTHOR NAME
Personal name Moller, Manfred
245 ## - TITLE STATEMENT
Title Spectral theory of operator pencils, hermite-biehler functions, and their applications
260 ## - PUBLICATION, DISTRIBUTION, ETC. (IMPRINT)
Place of publication New York
Name of publisher Birkhauser
Year of publication 2015
300 ## - PHYSICAL DESCRIPTION
Number of Pages xvii+412
490 ## - SERIES STATEMENT
Series statement Operator theory: Advances and applications
500 ## - GENERAL NOTE
General note Operator theory: Advances and applications Vol. 246
856 ## - ELECTRONIC LOCATION AND ACCESS
Uniform Resource Identifier https://doi.org/10.1007/978-3-319-17070-1
942 ## - ADDED ENTRY ELEMENTS (KOHA)
Source of classification or shelving scheme Dewey Decimal Classification
Koha item type Book
Holdings
Withdrawn status Lost status Source of classification or shelving scheme Damaged status Not for loan Collection code Home Library Current Location Shelving location Date acquired Source of acquisition Cost, normal purchase price Full call number Accession Number Price effective from Koha item type
    Dewey Decimal Classification     Gift or donation Dept. of Mathematics Dept. of Mathematics General Stacks 08/01/2026 Donated by Dr. Krishna Kumar G on the completion of SERB sponsored project (UO. No: Ad.F1/1373/2021 dated 22/01/2024) 8026.66 515.7222 MOL-S MATG255 14/01/2026 Book